000 00665nam a2200253Ia 4500
005 20260121155550.0
008 008 260114s9999 xx 000 0 eng d
020 _a9780429469381
037 _aEBOOK
040 _aCRL
040 _beng
040 _cCRL
041 _2eng
041 _aeng
084 _qCRL
100 _a Megan Blumenreich; Laura Baecher; Shira Eve Epstein; Julie Horwitz
_91021069
245 0 _aTeacher Education in the Trump Era and Beyond
260 _bTaylor and Francis
260 _c2019
856 _uhttp://www.taylorfrancis.com/books/9780429469381
942 _cEBOOK
999 _c1587888
_d1587888